000
00298nam a22001337a 4500
003
SGT
082
_a
617.7
_b
M200B
100
_a
BAHADUR, GARVIN G.
245
_a
MANUAL OF CATARACT SURGERY
260
_a
BOSTON
_b
BH. PUB
_c
2000
300
_a
105
650
_a
OPHTHALMOLOGY
942
_2
ddc
_c
BK
_0
1
999
_c
14647
_d
14647